| 000 | 00532aam a2200205 4500 | ||
|---|---|---|---|
| 005 | 20200115125821.0 | ||
| 008 | 150716b xxu||||| |||| 00| 0 spa d | ||
| 041 | _aInglés | ||
| 082 | _a428 S927e | ||
| 100 |
_aStrutt, Peter _931709 |
||
| 100 |
_aJacob, Miriam _957306 |
||
| 245 | _aEnglish for Internacional tourism : course book | ||
| 260 | _aEstados Unidos | ||
| 260 | _bLongman | ||
| 260 | _c1997 | ||
| 300 | _a126 páginas | ||
| 650 |
_aINGLES ENSEÑANZA _91244 |
||
| 650 |
_aINGLES PARA TURISMO _92995 |
||
| 942 | _cBK | ||
| 999 |
_c12555 _d12555 |
||